| 000 | 00807nam a2200277 a 4500 | ||
|---|---|---|---|
| 001 | BRCA_3485 | ||
| 005 | 20190320204314.0 | ||
| 020 | _a8486168368 (F.G.S.R) | ||
| 020 | _a8436804406 (Pirámide) | ||
| 041 | _aspa | ||
| 044 | _asp | ||
| 050 | 4 |
_aZ4 _b.E83 1988 |
|
| 100 | 1 |
_aEscolar, Hipólito _99067 |
|
| 245 | 1 | 0 |
_aHistoria del libro _cHipólito Escolar. |
| 250 | _a2 | ||
| 260 |
_aMadrid _bFundación Germán Sánchez Ruipérez : Pirámide _c1988 |
||
| 300 |
_a698 p. _bil. _c22 cm. |
||
| 440 | 0 |
_aBiblioteca del libro _pSerie Maior _vB _99068 |
|
| 500 | _aIncluye índice analítico | ||
| 500 | _aEjemplar engargolado | ||
| 500 | _aPor política no se presta a domicilio | ||
| 504 | _aIncluye referencias bibliográficas | ||
| 650 | 1 | 4 |
_aLibros _xHistoria _99069 |
| 902 | _aeng | ||
| 942 |
_2lcc _cB |
||
| 999 |
_c3221 _d3221 |
||